[Event "Madrid ch 2018 - semifinal"]
[Site "Madrid ESP"]
[Date "2018.05.10"]
[Round "6.20"]
[White "De Luna Butz, Alberto"]
[Black "Gortazar Rubial, Javier Maria"]
[Result "1-0"]
[WhiteElo "1815"]
[BlackElo "1610"]
[PlyCount "81"]
[EventDate "2018.05.05"]
[EventType "swiss"]
[EventRounds "9"]
[EventCountry "ESP"]
[SourceTitle "Ajedrez en Madrid"]
[Source "lmi"]
[SourceDate "2018.05.05"]
[SourceVersion "1"]
[SourceVersionDate "2019.03.14"]
[SourceQuality "1"]

1. Nf3 d5 2. c4 c6 3. b3 Nf6 4. Bb2 Bf5 5. g3 e6 6. Bg2 Bd6 7. O-O Nbd7 8. d3
O-O 9. Nbd2 e5 10. Qc2 e4 11. dxe4 Nxe4 12. Nh4 Nxg3 13. Nxf5 Nxf1 14. Nxf1 Be5
15. Bxe5 Nxe5 16. Rd1 Rc8 17. cxd5 Qf6 18. d6 Ng6 19. N1g3 Rcd8 20. Nh5 Qe5 21.
Nhxg7 Nf4 22. e3 Ne6 23. Nh5 Kh8 24. Qe4 f6 25. Qxe5 fxe5 26. Nhg3 Rd7 27. e4
Kg8 28. Bh3 Rf6 29. Ne7+ Kf7 30. Bxe6+ Kxe6 31. Nef5 c5 32. h3 Rg6 33. Kh2 Rd8
34. Rg1 b5 35. Ne2 a5 36. Nc3 Rxg1 37. Kxg1 b4 38. Nd5 Rf8 39. Nb6 Rxf5 40.
exf5+ Kxd6 41. Nc4+ 1-0

[Event "Madrid ch 2018 - semifinal"]
[Site "Madrid ESP"]
[Date "2018.05.11"]
[Round "7.1"]
[White "Martinez Fernandez, Raul"]
[Black "Rodrigo Yanguas, Maria"]
[Result "1-0"]
[WhiteElo "2176"]
[BlackElo "2054"]
[PlyCount "53"]
[EventDate "2018.05.05"]
[EventType "swiss"]
[EventRounds "9"]
[EventCountry "ESP"]
[SourceTitle "Ajedrez en Madrid"]
[Source "lmi"]
[SourceDate "2018.05.05"]
[SourceVersion "1"]
[SourceVersionDate "2019.03.14"]
[SourceQuality "1"]

1. e4 e6 2. d4 d5 3. Nc3 Nf6 4. e5 Nfd7 5. f4 c5 6. Nf3 Nc6 7. Be3 a6 8. Qd2 b5
9. Be2 b4 10. Nd1 a5 11. O-O Ba6 12. Bxa6 Rxa6 13. f5 cxd4 14. Nxd4 Nxd4 15.
Bxd4 Bc5 16. Ne3 Qc7 17. fxe6 fxe6 18. c3 bxc3 19. bxc3 Rb6 20. Qe2 Nf8 21.
Rab1 Ng6 22. Rb5 Rc6 23. Qb2 Ne7 24. Rb8+ Nc8 25. Rb7 Bxd4 26. cxd4 Qd8 27. Qb5
1-0

[Event "Madrid ch 2018 - semifinal"]
[Site "Madrid ESP"]
[Date "2018.05.11"]
[Round "7.2"]
[White "Lin, Yingrui"]
[Black "Aguilera Lopez, Alejandro"]
[Result "1/2-1/2"]
[WhiteElo "2188"]
[BlackElo "2098"]
[PlyCount "112"]
[EventDate "2018.05.05"]
[EventType "swiss"]
[EventRounds "9"]
[EventCountry "ESP"]
[SourceTitle "Ajedrez en Madrid"]
[Source "lmi"]
[SourceDate "2018.05.05"]
[SourceVersion "1"]
[SourceVersionDate "2019.03.14"]
[SourceQuality "1"]

1. d4 d5 2. Bf4 Nf6 3. e3 e6 4. Nd2 Be7 5. Bd3 O-O 6. h3 c5 7. c3 b6 8. Ngf3
Bb7 9. O-O Ne4 10. Qc2 f5 11. Ne5 Nd7 12. Ndf3 Ndf6 13. Nd2 Rc8 14. f3 Nd6 15.
a4 a6 16. Kh1 c4 17. Be2 b5 18. b4 Nh5 19. axb5 Nxf4 20. exf4 Nxb5 21. Nb1 Bh4
22. Kh2 Bf6 23. Qd2 Bxe5 24. fxe5 f4 25. Bd1 Qh4 26. Qf2 Qh6 27. Ba4 Ra8 28.
Rc1 Qg6 29. Bc2 Qg5 30. Ba4 Bc6 31. Bc2 Rf7 32. Ra5 Rfa7 33. Ba4 Be8 34. Nd2
Qe7 35. Nb1 Bg6 36. Bc2 Qg5 37. Na3 Nxa3 38. Rxa3 a5 39. Bxg6 Qxg6 40. Rca1 a4
41. b5 Qe8 42. Qb2 Ra5 43. b6 Rb5 44. Qc2 Rxb6 45. Rxa4 Rab8 46. R4a2 Qe7 47.
Ra8 Qh4 48. Rxb8+ Rxb8 49. Rb1 Ra8 50. Qb2 Rf8 51. Qb6 Qg3+ 52. Kg1 Qg6 53. Ra1
h6 54. Ra6 Re8 55. Qb5 Kh7 56. Ra7 Kh8 1/2-1/2

[Event "Madrid ch 2018 - semifinal"]
[Site "Madrid ESP"]
[Date "2018.05.11"]
[Round "7.3"]
[White "Torres Boch, Jose Francisco"]
[Black "De La Fuente Gonzalez, Francisco"]
[Result "1-0"]
[WhiteElo "2137"]
[BlackElo "2213"]
[PlyCount "69"]
[EventDate "2018.05.05"]
[EventType "swiss"]
[EventRounds "9"]
[EventCountry "ESP"]
[SourceTitle "Ajedrez en Madrid"]
[Source "lmi"]
[SourceDate "2018.05.05"]
[SourceVersion "1"]
[SourceVersionDate "2019.03.14"]
[SourceQuality "1"]

1. e4 e5 2. Bc4 Nf6 3. d3 c6 4. Nf3 Be7 5. O-O d6 6. Re1 O-O 7. Nbd2 Bg4 8. h3
Bxf3 9. Qxf3 Nbd7 10. Nf1 Nc5 11. a3 Ne6 12. c3 g6 13. Bh6 Re8 14. Rad1 Bf8 15.
Bc1 Nh5 16. g3 Qe7 17. Ne3 Nf6 18. h4 Nc5 19. Kg2 Rad8 20. Rh1 h5 21. g4 Ne6
22. Kf1 Nf4 23. Rg1 Kh7 24. g5 Ng8 25. Nf5 Qd7 26. d4 d5 27. dxe5 dxe4 28. Rxd7
exf3 29. Rxf7+ Kh8 30. Ne3 Nd5 31. Rxf3 Rxe5 32. Nxd5 cxd5 33. Bd3 Kg7 34. Be3
Rd7 35. Bxa7 1-0

[Event "Madrid ch 2018 - semifinal"]
[Site "Madrid ESP"]
[Date "2018.05.11"]
[Round "7.4"]
[White "Spitzer Isbert, Ramon"]
[Black "Perez Gonzalez, Jose Manuel"]
[Result "0-1"]
[WhiteElo "2019"]
[BlackElo "2252"]
[PlyCount "92"]
[EventDate "2018.05.05"]
[EventType "swiss"]
[EventRounds "9"]
[EventCountry "ESP"]
[SourceTitle "Ajedrez en Madrid"]
[Source "lmi"]
[SourceDate "2018.05.05"]
[SourceVersion "1"]
[SourceVersionDate "2019.03.14"]
[SourceQuality "1"]

1. Nf3 g6 2. e4 c5 3. d4 cxd4 4. Nxd4 Nc6 5. c4 Nf6 6. Nc3 d6 7. Nc2 Bg7 8. Be2
O-O 9. O-O Nd7 10. Bd2 a5 11. Rc1 Nc5 12. f3 f5 13. Be1 fxe4 14. fxe4 Rxf1+ 15.
Bxf1 Be6 16. Kh1 Qb6 17. Nd5 Bxd5 18. exd5 Ne5 19. Bc3 Ne4 20. Bd4 Nf2+ 21.
Bxf2 Qxf2 22. Qe1 Rf8 23. Be2 Bh6 24. Rd1 Qxe1+ 25. Rxe1 Rc8 26. Na3 Bd2 27.
Rb1 Bb4 28. h3 Kf8 29. Kh2 Ke8 30. Nc2 Nxc4 31. Nxb4 axb4 32. Bg4 Rc5 33. Be6
Ne3 34. Re1 Nxd5 35. Re4 Nc7 36. Bg8 h6 37. Rxb4 b5 38. a4 bxa4 39. Rxa4 Kd7
40. Rh4 h5 41. Bh7 Rg5 42. Rf4 Nd5 43. h4 Rxg2+ 44. Kxg2 Nxf4+ 45. Kf3 e5 46.
Ke4 Kc6 0-1

[Event "Madrid ch 2018 - semifinal"]
[Site "Madrid ESP"]
[Date "2018.05.11"]
[Round "7.5"]
[White "Nuñez Muñoz, Jesus"]
[Black "Rosa Ramirez, Victor Diego"]
[Result "1/2-1/2"]
[WhiteElo "2193"]
[BlackElo "1884"]
[PlyCount "132"]
[EventDate "2018.05.05"]
[EventType "swiss"]
[EventRounds "9"]
[EventCountry "ESP"]
[SourceTitle "Ajedrez en Madrid"]
[Source "lmi"]
[SourceDate "2018.05.05"]
[SourceVersion "1"]
[SourceVersionDate "2019.03.14"]
[SourceQuality "1"]

1. e4 e6 2. d4 d5 3. Nd2 dxe4 4. Nxe4 Bd7 5. Nf3 Bc6 6. Bd3 Nd7 7. O-O Ngf6 8.
Ned2 Be7 9. Nc4 b6 10. Nce5 Nxe5 11. dxe5 Nd7 12. Nd4 Bb7 13. Qh5 Nc5 14. Bb5+
Kf8 15. Rd1 Qd5 16. Nc6 Qe4 17. f3 Qg6 18. Qxg6 hxg6 19. Nxe7 Kxe7 20. b4 a6
21. bxc5 axb5 22. cxb6 cxb6 23. Be3 Bd5 24. Bxb6 Rhc8 25. Rd2 Rxa2 26. Rxa2
Bxa2 27. Kf2 Bc4 28. Ba5 Bd5 29. Ke3 Rc4 30. c3 Rc8 31. h4 Ra8 32. Bb4+ Kd7 33.
Kf4 f6 34. Rb2 Bc4 35. Bc5 Ra2 36. Rxa2 Bxa2 37. Bf8 Ke8 38. Bxg7 fxe5+ 39.
Bxe5 Kf7 40. Kg5 Bc4 41. Bd4 Be2 42. Kf4 Bd1 43. Be5 Be2 44. Ke3 Bf1 45. Kf2
Bc4 46. Bd4 Bd3 47. Ke3 Bf1 48. g3 Bc4 49. Kf4 Bd5 50. Kg4 Bc4 51. Be5 Be2 52.
Kf4 Bc4 53. Ke3 Bd5 54. g4 Bb3 55. Kf2 Bd1 56. Kg3 Bb3 57. Bd4 Bc2 58. Kf4 Bd1
59. Be5 Be2 60. Kg3 Bd1 61. Kf2 Bc2 62. Ke2 Bb3 63. Bd4 Kg8 64. Ke3 Kf7 65. Kf4
Bd1 66. Ke3 Kg8 1/2-1/2

[Event "Madrid ch 2018 - semifinal"]
[Site "Madrid ESP"]
[Date "2018.05.11"]
[Round "7.6"]
[White "Barragan Arriaza, Pablo"]
[Black "Lopez De Turiso, Jose Angel"]
[Result "1/2-1/2"]
[WhiteElo "2030"]
[BlackElo "2022"]
[PlyCount "44"]
[EventDate "2018.05.05"]
[EventType "swiss"]
[EventRounds "9"]
[EventCountry "ESP"]
[SourceTitle "Ajedrez en Madrid"]
[Source "lmi"]
[SourceDate "2018.05.05"]
[SourceVersion "1"]
[SourceVersionDate "2019.03.14"]
[SourceQuality "1"]

1. c4 Nf6 2. g3 g6 3. Bg2 Bg7 4. Nc3 d6 5. d3 O-O 6. a3 c5 7. Rb1 Nc6 8. Nf3
Rb8 9. b4 b6 10. b5 Nd4 11. e4 Bg4 12. h3 Bxf3 13. Bxf3 Ne8 14. Bg2 Nc7 15. Bb2
e6 16. Ne2 Nxe2 17. Qxe2 Bxb2 18. Qxb2 e5 19. O-O Ne6 20. f4 f6 21. f5 Nd4 22.
a4 Kg7 1/2-1/2

[Event "Madrid ch 2018 - semifinal"]
[Site "Madrid ESP"]
[Date "2018.05.11"]
[Round "7.7"]
[White "Mkrtchyan, Levon"]
[Black "Paarup, Torsten"]
[Result "1-0"]
[WhiteElo "2141"]
[BlackElo "2007"]
[PlyCount "99"]
[EventDate "2018.05.05"]
[EventType "swiss"]
[EventRounds "9"]
[EventCountry "ESP"]
[SourceTitle "Ajedrez en Madrid"]
[Source "lmi"]
[SourceDate "2018.05.05"]
[SourceVersion "1"]
[SourceVersionDate "2019.03.14"]
[SourceQuality "1"]

1. e4 c5 2. Nf3 d6 3. d4 cxd4 4. Nxd4 Nf6 5. Nc3 g6 6. Be3 Bg7 7. f3 O-O 8. Qd2
Nc6 9. O-O-O d5 10. Kb1 Nxd4 11. e5 Nf5 12. exf6 exf6 13. Nxd5 Nxe3 14. Qxe3
Be6 15. Bc4 f5 16. c3 Kh8 17. Nf4 Qg5 18. Bxe6 fxe6 19. Rd6 Rfe8 20. Re1 Bh6
21. Qe5+ Bg7 22. Qe3 Bh6 23. Qd4+ Bg7 24. Rdxe6 Rxe6 25. Qxg7+ Kxg7 26. Nxe6+
Kf6 27. Nxg5 Kxg5 28. Re7 h5 29. Kc2 Rb8 30. c4 Kf4 31. b4 h4 32. h3 Kg3 33.
Re2 a5 34. a3 axb4 35. axb4 Rc8 36. Kc3 Rc7 37. c5 g5 38. Rc2 g4 39. hxg4 f4
40. Kd4 h3 41. gxh3 Kxf3 42. Ke5 Kg3 43. g5 f3 44. g6 f2 45. Rxf2 Kxf2 46. Kf6
Rc6+ 47. Kf7 Rc7+ 48. Kg8 Kg3 49. g7 Kh4 50. Kh8 1-0

[Event "Madrid ch 2018 - semifinal"]
[Site "Madrid ESP"]
[Date "2018.05.11"]
[Round "7.8"]
[White "Garcia Dorado, Alberto"]
[Black "Alvarez Abejon, Amilcar"]
[Result "1-0"]
[WhiteElo "2129"]
[BlackElo "1951"]
[PlyCount "69"]
[EventDate "2018.05.05"]
[EventType "swiss"]
[EventRounds "9"]
[EventCountry "ESP"]
[SourceTitle "Ajedrez en Madrid"]
[Source "lmi"]
[SourceDate "2018.05.05"]
[SourceVersion "1"]
[SourceVersionDate "2019.03.14"]
[SourceQuality "1"]

1. d4 e6 2. e4 d5 3. Bd3 c5 4. exd5 exd5 5. Nf3 Nf6 6. O-O Be7 7. dxc5 O-O 8.
Nbd2 Bxc5 9. Nb3 Bd6 10. Bg5 Bg4 11. h3 Bh5 12. g4 Bg6 13. Bxg6 hxg6 14. Kg2
Nc6 15. c3 Bc7 16. Nbd4 a6 17. Re1 Qd6 18. Bxf6 gxf6 19. Qd2 Kg7 20. Ne2 Rad8
21. Rad1 Ne5 22. Ng3 Rfe8 23. Nd4 Kg8 24. Qh6 Qf8 25. Qxf8+ Kxf8 26. Nf1 Nc4
27. Rxe8+ Kxe8 28. b3 Nd6 29. Ne3 Ne4 30. Ne2 Nxc3 31. Nxc3 d4 32. Ncd5 Be5 33.
f4 dxe3 34. fxe5 e2 35. Nxf6+ 1-0

[Event "Madrid ch 2018 - semifinal"]
[Site "Madrid ESP"]
[Date "2018.05.11"]
[Round "7.9"]
[White "Sanchez Garcia, Aurelio"]
[Black "Fernandez Aransay, Fernando"]
[Result "1-0"]
[WhiteElo "2060"]
[BlackElo "1871"]
[PlyCount "93"]
[EventDate "2018.05.05"]
[EventType "swiss"]
[EventRounds "9"]
[EventCountry "ESP"]
[SourceTitle "Ajedrez en Madrid"]
[Source "lmi"]
[SourceDate "2018.05.05"]
[SourceVersion "1"]
[SourceVersionDate "2019.03.14"]
[SourceQuality "1"]

1. Nf3 d5 2. e3 Nf6 3. c4 e6 4. b3 Be7 5. Bb2 b6 6. Nc3 Bb7 7. d4 O-O 8. Bd3
Nbd7 9. O-O c5 10. cxd5 exd5 11. Rc1 a6 12. Bf5 h6 13. Bxd7 Qxd7 14. Na4 c4 15.
Nxb6 Qb5 16. Nxa8 Rxa8 17. Qe2 a5 18. Ne5 Ba6 19. bxc4 dxc4 20. Qxc4 Qxb2 21.
Qxf7+ Kh7 22. Qxe7 Bxf1 23. Rxf1 Qxa2 24. Qb7 Rf8 25. Qb1+ Qxb1 26. Rxb1 Ra8
27. Ra1 a4 28. Nc4 Nd5 29. Kf1 Kg6 30. Ke2 Rc8 31. Kd3 Ra8 32. Ne5+ Kg5 33. Kc4
Nf6 34. f3 h5 35. Nd3 Nd7 36. e4 g6 37. Kb5 Rb8+ 38. Kc6 Nf8 39. Rxa4 Rb3 40.
Nc5 Rb2 41. d5 Rxg2 42. Rd4 Rxh2 43. d6 Re2 44. Kd5 h4 45. Ne6+ Nxe6 46. Kxe6
h3 47. d7 1-0

[Event "Madrid ch 2018 - semifinal"]
[Site "Madrid ESP"]
[Date "2018.05.11"]
[Round "7.10"]
[White "Andrade Sandoval, Jim Carlos"]
[Black "Carrasco Coquillat, Jorge"]
[Result "1-0"]
[WhiteElo "2032"]
[BlackElo "1840"]
[PlyCount "95"]
[EventDate "2018.05.05"]
[EventType "swiss"]
[EventRounds "9"]
[EventCountry "ESP"]
[SourceTitle "Ajedrez en Madrid"]
[Source "lmi"]
[SourceDate "2018.05.05"]
[SourceVersion "1"]
[SourceVersionDate "2019.03.14"]
[SourceQuality "1"]

1. Nf3 Nf6 2. Nc3 d5 3. d4 e6 4. Bf4 Bb4 5. a3 Bxc3+ 6. bxc3 Nbd7 7. e3 O-O 8.
Be2 b6 9. O-O Bb7 10. c4 dxc4 11. Bxc4 Re8 12. Ne5 Nxe5 13. Bxe5 Nd7 14. Bg3 c5
15. Bb5 a6 16. Bd3 cxd4 17. exd4 Nf6 18. Rb1 Ne4 19. Be5 f6 20. Bxe4 Bxe4 21.
Bf4 e5 22. Be3 exd4 23. Bxd4 Bxc2 24. Qxc2 Qxd4 25. Rfd1 Qe5 26. Qb3+ Kh8 27.
Qxb6 Rab8 28. Qxa6 Ra8 29. Qd3 Qa5 30. Ra1 Rad8 31. Qb3 Qe5 32. Rxd8 Qxa1+ 33.
Qd1 Qe5 34. Rxe8+ Qxe8 35. a4 h6 36. h3 Qe5 37. Qb1 Qa5 38. Qa1 Kh7 39. Qd4 Kg8
40. g3 Kh7 41. Kh2 Kg8 42. Qc4+ Kh7 43. Qb5 Qa7 44. Qf5+ Kg8 45. a5 Kh8 46. Kg2
Qa6 47. Qc5 Qb7+ 48. Kh2 1-0

[Event "Madrid ch 2018 - semifinal"]
[Site "Madrid ESP"]
[Date "2018.05.11"]
[Round "7.11"]
[White "Cabañas Bravo, Juan Andres"]
[Black "Pindado Campos, Raul"]
[Result "0-1"]
[WhiteElo "1936"]
[BlackElo "2018"]
[PlyCount "126"]
[EventDate "2018.05.05"]
[EventType "swiss"]
[EventRounds "9"]
[EventCountry "ESP"]
[SourceTitle "Ajedrez en Madrid"]
[Source "lmi"]
[SourceDate "2018.05.05"]
[SourceVersion "1"]
[SourceVersionDate "2019.03.14"]
[SourceQuality "1"]

1. e4 c5 2. Nf3 d6 3. d4 cxd4 4. Nxd4 Nf6 5. Nc3 a6 6. Bg5 e6 7. f4 Qc7 8. Qf3
b5 9. Bxf6 gxf6 10. O-O-O Nd7 11. Qh5 Nc5 12. a3 Bb7 13. Be2 e5 14. Nf5 Nxe4
15. Nxe4 Bxe4 16. Bd3 Bxg2 17. Rhg1 Bc6 18. Qh4 Be7 19. Ng7+ Kd8 20. Qh5 Rf8
21. Nf5 e4 22. Rge1 exd3 23. Rxe7 Bf3 24. Rxc7 Bxh5 25. Rc6 Bxd1 26. Rxd6+ Kc7
27. Kxd1 dxc2+ 28. Kxc2 Rac8 29. Rxf6 Kb7+ 30. Kb3 Rc6 31. Nd6+ Kc7 32. Rxf7+
Rxf7 33. Nxf7 Rf6 34. Ng5 h6 35. Nh3 Kd6 36. Kc3 Ke6 37. Kd4 Kf5 38. Ke3 Re6+
39. Kf3 Rc6 40. Nf2 Rc2 41. Ng4 Rxb2 42. Nxh6+ Kg6 43. Ng4 Rb3+ 44. Ke4 Rxa3
45. Ne5+ Kg7 46. h4 Rh3 47. Nc6 Rxh4 48. Nd4 Rh6 49. Ke5 Rb6 50. Kd5 b4 51. Nb3
Kf6 52. Kc5 Rb8 53. Kc4 Kf5 54. Nc5 a5 55. Kb3 Kxf4 56. Ka4 Ra8 57. Ne6+ Ke3
58. Nc7 Rb8 59. Kb3 Kd2 60. Nd5 a4+ 61. Kb2 b3 62. Kb1 a3 63. Nf4 Rh8 0-1

[Event "Madrid ch 2018 - semifinal"]
[Site "Madrid ESP"]
[Date "2018.05.11"]
[Round "7.12"]
[White "Baeza Escudero, Javier"]
[Black "Perez Diez, Victor"]
[Result "1-0"]
[WhiteElo "1913"]
[BlackElo "1964"]
[PlyCount "157"]
[EventDate "2018.05.05"]
[EventType "swiss"]
[EventRounds "9"]
[EventCountry "ESP"]
[SourceTitle "Ajedrez en Madrid"]
[Source "lmi"]
[SourceDate "2018.05.05"]
[SourceVersion "1"]
[SourceVersionDate "2019.03.14"]
[SourceQuality "1"]

1. e4 e5 2. Nf3 Nf6 3. Nxe5 Nxe4 4. Qe2 d6 5. Qxe4 dxe5 6. Qxe5+ Be6 7. Nc3 Nc6
8. Bb5 a6 9. Bxc6+ bxc6 10. O-O Qd6 11. d4 Rd8 12. Be3 f6 13. Qg3 Qd7 14. Rfe1
Bd6 15. Bf4 O-O 16. Rad1 Bf5 17. Ne4 Bg6 18. Bxd6 cxd6 19. c4 Bxe4 20. Rxe4 d5
21. cxd5 Qxd5 22. Re7 Rf7 23. Qc7 Rxe7 24. Qxe7 Rf8 25. b3 a5 26. Qc5 Rd8 27.
Qc3 h6 28. Kf1 Kh8 29. Rc1 Qd6 30. Qxa5 Qxd4 31. Qc3 Qd6 32. g3 Ra8 33. a4 Rb8
34. Rb1 Qd5 35. Kg1 Qe4 36. Rc1 Qd5 37. b4 Qd6 38. Qc5 Qxc5 39. bxc5 Ra8 40.
Ra1 Ra5 41. Kf1 Kh7 42. Ke2 Kg6 43. Kd3 Kf5 44. Kd4 g5 45. Kc4 h5 46. h3 h4 47.
g4+ Kf4 48. Ra3 f5 49. f3 fxg4 50. fxg4 Ke4 51. Kb4 Ra6 52. a5 Kf4 53. Kc3 Kf3
54. Kc4+ Ke4 55. Ra1 Ke3 56. Ra2 Ke4 57. Ra3 Ke5 58. Kb4 Ke4 59. Rb3 Ra7 60.
Rc3 Rb7+ 61. Kc4 Ra7 62. Ra3 Ra6 63. Ra1 Ke3 64. Kb4 Kf3 65. Ra2 Ke4 66. Rf2
Ke3 67. Rf5 Ke4 68. Rxg5 Kf4 69. Rh5 Kg3 70. g5 Kxh3 71. g6 Ra8 72. g7 Rg8 73.
Rg5 Kh2 74. a6 h3 75. a7 Kh1 76. Rh5 h2 77. Rh8 Kg2 78. a8=Q Rxa8 79. Rxa8 1-0

[Event "Madrid ch 2018 - semifinal"]
[Site "Madrid ESP"]
[Date "2018.05.11"]
[Round "7.13"]
[White "Marcos Herrero, Francisco"]
[Black "Fernandez Lledo, Javier"]
[Result "1/2-1/2"]
[WhiteElo "1896"]
[BlackElo "2241"]
[PlyCount "107"]
[EventDate "2018.05.05"]
[EventType "swiss"]
[EventRounds "9"]
[EventCountry "ESP"]
[SourceTitle "Ajedrez en Madrid"]
[Source "lmi"]
[SourceDate "2018.05.05"]
[SourceVersion "1"]
[SourceVersionDate "2019.03.14"]
[SourceQuality "1"]

1. d4 Nf6 2. c4 e6 3. g3 d5 4. Nf3 Be7 5. Bg2 O-O 6. O-O dxc4 7. Ne5 Qd6 8.
Nxc4 Qa6 9. Ne5 Nbd7 10. Qd3 Qa5 11. Nc4 Qh5 12. Bf3 Ng4 13. h4 g5 14. Bxg5
Bxg5 15. Bxg4 Qxg4 16. hxg5 Qxg5 17. Nbd2 b5 18. Ne3 Bb7 19. Nf3 Qh5 20. Kg2 e5
21. Rh1 Qg6 22. Qxb5 Bc6 23. Qa5 exd4 24. Nf5 Rfe8 25. Rh6 Bxf3+ 26. exf3 Qg5
27. f4 Qd8 28. Nxd4 Nf8 29. Nf3 Re2 30. Rah1 Rb8 31. b3 Rb6 32. R6h5 Qd3 33.
Rd5 Qe3 34. Rf1 Re6 35. Qxc7 h6 36. Rd8 Kg7 37. Ne5 Qe4+ 38. Kg1 Qf5 39. Qb8
R6xe5 40. fxe5 Ng6 41. Rg8+ Kh7 42. Qc8 Qxe5 43. Rxg6 Kxg6 44. Qg4+ Kh7 45. Qf3
Kg7 46. Rd1 Rxa2 47. Rd7 Qe6 48. Rd4 f5 49. Ra4 Rxa4 50. bxa4 Kg6 51. Qf4 a5
52. Qd4 Qc6 53. Kf1 Qe6 54. Kg2 1/2-1/2

[Event "Madrid ch 2018 - semifinal"]
[Site "Madrid ESP"]
[Date "2018.05.11"]
[Round "7.14"]
[White "Gonzalez Rivera, Eduardo"]
[Black "Cuellar Gutierrez, Raul"]
[Result "1-0"]
[WhiteElo "2047"]
[BlackElo "1922"]
[PlyCount "135"]
[EventDate "2018.05.05"]
[EventType "swiss"]
[EventRounds "9"]
[EventCountry "ESP"]
[SourceTitle "Ajedrez en Madrid"]
[Source "lmi"]
[SourceDate "2018.05.05"]
[SourceVersion "1"]
[SourceVersionDate "2019.03.14"]
[SourceQuality "1"]

1. e4 e6 2. d4 d5 3. Nd2 c5 4. Ngf3 Nc6 5. exd5 Qxd5 6. Bc4 Qd8 7. O-O cxd4 8.
Nb3 a6 9. a4 Qc7 10. Bd3 Bd6 11. h3 e5 12. Qe2 Nge7 13. Ng5 f6 14. Ne4 Be6 15.
f4 O-O 16. Qh5 Rf7 17. Nec5 Bd5 18. Qxh7+ Kf8 19. Qh8+ Ng8 20. Bh7 Nce7 21. Ne4
Bxe4 22. Bxe4 f5 23. fxe5 Bxe5 24. Bd3 g6 25. Qh4 Bf6 26. Bg5 Rd8 27. Rad1 Kg7
28. Kh1 Bxg5 29. Qxg5 Rf6 30. Rfe1 Nh6 31. Re2 Nf7 32. Qh4 Rdd6 33. Nxd4 g5 34.
Qf2 Qb6 35. c3 Rd7 36. Rxe7 Rxe7 37. Nxf5+ Kf8 38. Qxb6 Rxb6 39. Nxe7 Kxe7 40.
Rd2 Rf6 41. Kg1 Nd6 42. Rf2 Rh6 43. Kf1 a5 44. Ke1 b6 45. Kd2 Rh4 46. Re2+ Kf6
47. b3 Nb7 48. Rf2+ Ke6 49. Rf5 Nc5 50. Rxg5 Nxb3+ 51. Kc2 Nc5 52. Rg6+ Ke5 53.
Bb5 Nxa4 54. Bxa4 Rxa4 55. Kb3 Ra1 56. Kb2 Rg1 57. h4 Kf5 58. Rg8 b5 59. h5 b4
60. cxb4 axb4 61. h6 Rh1 62. g4+ Kf6 63. g5+ Kf5 64. Kb3 Rh4 65. Rg7 Ke6 66. h7
Kf5 67. g6 Kf6 68. Rg8 1-0

[Event "Madrid ch 2018 - semifinal"]
[Site "Madrid ESP"]
[Date "2018.05.11"]
[Round "7.15"]
[White "Martinez Aragon, Aitor"]
[Black "Santamaria Baeza, Adolfo"]
[Result "0-1"]
[WhiteElo "1823"]
[BlackElo "1901"]
[PlyCount "76"]
[EventDate "2018.05.05"]
[EventType "swiss"]
[EventRounds "9"]
[EventCountry "ESP"]
[SourceTitle "Ajedrez en Madrid"]
[Source "lmi"]
[SourceDate "2018.05.05"]
[SourceVersion "1"]
[SourceVersionDate "2019.03.14"]
[SourceQuality "1"]

1. e4 e5 2. Nf3 Nc6 3. Bb5 Bc5 4. O-O Qf6 5. c3 Nge7 6. d4 Qd6 7. Bg5 Qg6 8.
Bxe7 Bxe7 9. d5 Nd8 10. Nxe5 Qb6 11. Qe2 h5 12. c4 a6 13. Ba4 Qa5 14. Bc2 d6
15. Nd3 f6 16. Nc3 c6 17. Nf4 Bg4 18. f3 Bd7 19. Kh1 Rh6 20. Nd3 Nf7 21. f4 Qc7
22. b4 b6 23. dxc6 Bxc6 24. Nd5 Bxd5 25. cxd5 g5 26. Rac1 Qb8 27. g3 Ra7 28.
Rfe1 Bd8 29. e5 dxe5 30. fxe5 fxe5 31. Nxe5 Re7 32. Nc6 Rxc6 33. Qxh5 Rh6 34.
Qg4 Qd6 35. Bb3 Ne5 36. Qxg5 Rxh2+ 37. Kxh2 Nf3+ 38. Kg2 Nxg5 0-1

[Event "Madrid ch 2018 - semifinal"]
[Site "Madrid ESP"]
[Date "2018.05.11"]
[Round "7.16"]
[White "Fernandez Garcia, Ignacio"]
[Black "Camarero Izquierdo, Juan Carlos"]
[Result "0-1"]
[WhiteElo "1804"]
[BlackElo "1911"]
[PlyCount "76"]
[EventDate "2018.05.05"]
[EventType "swiss"]
[EventRounds "9"]
[EventCountry "ESP"]
[SourceTitle "Ajedrez en Madrid"]
[Source "lmi"]
[SourceDate "2018.05.05"]
[SourceVersion "1"]
[SourceVersionDate "2019.03.14"]
[SourceQuality "1"]

1. e4 c6 2. d4 d5 3. f3 e6 4. e5 c5 5. c3 Nc6 6. Be3 Nge7 7. Bd3 Bd7 8. Ne2
cxd4 9. cxd4 Nb4 10. Nbc3 Nxd3+ 11. Qxd3 Nf5 12. Bf2 a6 13. O-O b5 14. a3 Rc8
15. Ng3 Nxg3 16. hxg3 Rc4 17. g4 Qc7 18. f4 a5 19. f5 b4 20. axb4 Bxb4 21. fxe6
Bxe6 22. Nb5 Qb6 23. b3 Rc6 24. Be1 O-O 25. g5 Rb8 26. Bxb4 axb4 27. Nd6 Rc3
28. Qd2 Rxb3 29. Rf4 Ra3 30. Raf1 Ra7 31. Qf2 Rf8 32. Rf6 Qd8 33. Qg3 Ra3 34.
R6f3 Qb6 35. Qh4 Rxf3 36. gxf3 b3 37. Kg2 b2 38. Rh1 b1=Q 0-1

[Event "Madrid ch 2018 - semifinal"]
[Site "Madrid ESP"]
[Date "2018.05.11"]
[Round "7.17"]
[White "Ruiz Quevedo, Andres"]
[Black "De Luna Butz, Alberto"]
[Result "1-0"]
[WhiteElo "1895"]
[BlackElo "1815"]
[PlyCount "51"]
[EventDate "2018.05.05"]
[EventType "swiss"]
[EventRounds "9"]
[EventCountry "ESP"]
[SourceTitle "Ajedrez en Madrid"]
[Source "lmi"]
[SourceDate "2018.05.05"]
[SourceVersion "1"]
[SourceVersionDate "2019.03.14"]
[SourceQuality "1"]

1. g3 d5 2. Nf3 Nf6 3. Bg2 Bg4 4. O-O e6 5. c4 c6 6. d3 Bd6 7. Nc3 O-O 8. Be3
Nbd7 9. h3 Bxf3 10. Bxf3 Ne5 11. Bg2 dxc4 12. f4 Ned7 13. dxc4 Bc5 14. Bf2
Bxf2+ 15. Rxf2 Qb6 16. Na4 Qe3 17. Qd3 Qxd3 18. exd3 Rac8 19. d4 b5 20. cxb5
cxb5 21. Nc3 b4 22. Nb5 a6 23. Nd6 Rc7 24. f5 exf5 25. Nxf5 Rfc8 26. Ne7+ 1-0

[Event "Madrid ch 2018 - semifinal"]
[Site "Madrid ESP"]
[Date "2018.05.11"]
[Round "7.18"]
[White "Perez Cameselle, Francisco"]
[Black "Carrasco Coquillat, Alvaro"]
[Result "1/2-1/2"]
[WhiteElo "1795"]
[BlackElo "1869"]
[PlyCount "67"]
[EventDate "2018.05.05"]
[EventType "swiss"]
[EventRounds "9"]
[EventCountry "ESP"]
[SourceTitle "Ajedrez en Madrid"]
[Source "lmi"]
[SourceDate "2018.05.05"]
[SourceVersion "1"]
[SourceVersionDate "2019.03.14"]
[SourceQuality "1"]

1. e4 d6 2. d4 g6 3. Nc3 Bg7 4. f4 Nf6 5. Nf3 c5 6. Be2 cxd4 7. Nxd4 O-O 8. Be3
Nc6 9. Nxc6 bxc6 10. O-O e6 11. Qd2 d5 12. e5 Nd7 13. Rad1 a6 14. Na4 Re8 15.
Qc3 Qc7 16. Nc5 Bf8 17. Nxd7 Bxd7 18. Bc5 Bxc5+ 19. Qxc5 Reb8 20. b3 Qb6 21.
Qxb6 Rxb6 22. c4 a5 23. cxd5 cxd5 24. Rc1 Bb5 25. Bxb5 Rxb5 26. Rf2 Rb4 27. g3
a4 28. bxa4 Raxa4 29. Rd2 h5 30. h4 Ra3 31. Kf2 Re4 32. Rb2 Ree3 33. Rc7 Rf3+
34. Ke2 1/2-1/2